[Event "Khanty-Mansiysk Governor Cup 19th"]
[Site "Khanty-Mansiysk"]
[Date "2023.11.18"]
[Round "2"]
[White "Shirokov, Aleksandr Ol"]
[Black "Islamov, Kamil"]
[Result "1-0"]
[WhiteElo "2280"]
[BlackElo "1704"]
[PlyCount "34"]
[EventDate "2023.11.17"]
[EventType "swiss"]
[EventRounds "9"]
[EventCountry "RUS"]
[SourceTitle "CBM 217 Extra"]
[Source "ChessBase"]
[SourceDate "2024.01.31"]
[SourceVersion "1"]
[SourceVersionDate "2024.01.31"]
[SourceQuality "1"]

1. g3 Nf6 2. Bg2 d5 3. d3 g6 4. f4 Bg7 5. Nf3 0-0 6. 0-0 c5 7. c3 Nc6 8. Na3 b6 9. Qa4 Bb7 10. e4 a6 11. e5 Nd7 12. d4 e6 13. Be3 b5 14. Qd1 b4 15. cxb4 cxb4 16. Nc2 a5 17. Rf2 Nb6 1-0